Did they win the UCL? #1 - Statistics

General Stats
  • This quiz has been taken 41 times
  • The average score is 14 of 20
Answer Stats
Question Answer % Correct
Cristiano Ronaldo Yes
100%
Ansu Fati No
95%
Marco Veratti No
95%
Lamine Yamal No
95%
Clarence Seedorf Yes
95%
Dida Yes
90%
Christian Pulisic Yes
80%
N'Golo Kante Yes
80%
Fernando Hierro Yes
80%
Romelu Lukaku No
75%
Willian No
70%
Nani Yes
70%
Matteo Darmian No
65%
Juan Cuadrado No
65%
Ryan Gravenberch No
60%
Ivan Perisic Yes
50%
Dennis Bergkamp No
45%
Mario Balotelli Yes
45%
Philip Neal Yes
25%
Gianluca Zambrotta No
15%
No matching quizzes found
Score Distribution
Percent of People with Each Score
Percentile by Number Answered
Your Score History
You have not taken this quiz